| 000 | 01334nam a2200349 a 4500 | ||
|---|---|---|---|
| 001 | 000002490 | ||
| 005 | 20260414135148.0 | ||
| 008 | 090702s2004 sp 001 0 spa d | ||
| 020 | _a8493350427 | ||
| 040 |
_aDO-SdBNP _bspa _cBNPHU |
||
| 082 |
_a002.09 _bM533 |
||
| 245 | 0 | 3 |
_aLa memoria de los libros : _bestudios sobre la historia del escrito y de la lectura en Europa y América / _cbajo la dirección de Pedro M. Cátedra & María Luisa López-Vidriero; edición al cuidado de María Isabel de Páiz Hernández. |
| 260 |
_aMadrid : _bInstituto de Historia del Libro y de Lectura, _c2004. |
||
| 300 |
_a2 v. : _bil. ; _c24 cm. |
||
| 500 | _aIncluye índice onomástico. | ||
| 500 | _aBibliografía: pags. 778, 867, 868 | ||
| 504 | _aIncluye referencias bibliográficas y notas al pie de las páginas. | ||
| 650 | 4 |
_aLibros _xHistoria _97836 |
|
| 650 | 4 |
_aLibros _xHistoria y crítica _97837 |
|
| 650 | 0 |
_aBibliografía _97838 |
|
| 651 | 0 |
_aEuropa _97839 |
|
| 651 | 0 |
_aAmérica _97840 |
|
| 650 | 4 |
_aLectura _9408 |
|
| 650 | 0 |
_aPolítica cultural _97841 |
|
| 650 | 4 |
_aEdición _97842 |
|
| 650 | 4 |
_aImprenta _95083 |
|
| 650 | 0 |
_aBiblioteca _97843 |
|
| 700 | 0 |
_aCátedra, Perdro M. _97844 |
|
| 700 | 0 |
_aLópez-Vidriero, María Luisa _97769 |
|
| 700 | 0 |
_aPáiz Hernández, María Isabel, _eed. _97845 |
|
| 910 | _aEn proceso | ||
| 999 |
_c2326 _d2326 |
||